Introduction to coordination, solid state, and descriptive inorganic chemistry
This book is an introduction to coordination, solid state, and descriptive inorganic chemistry. It is designed primarily for a sophomore inorganic chemistry audience, but could also be used as a supplementary text for some general chemistry courses. Coordination, solid state, and descriptive inorgan...
Сохранить в:
| Главный автор: | |
|---|---|
| Формат: | |
| Язык: | Undetermined |
| Опубликовано: |
New York
McGraw-Hill
1994
|
| Предметы: | |
| Метки: |
Добавить метку
Нет меток, Требуется 1-ая метка записи!
|
| Thư viện lưu trữ: | Trung tâm Học liệu Trường Đại học Cần Thơ |
|---|
| LEADER | 01327nam a2200241Ia 4500 | ||
|---|---|---|---|
| 001 | CTU_32150 | ||
| 008 | 210402s9999 xx 000 0 und d | ||
| 020 | |b 1.420.000đ | ||
| 020 | |c 55 | ||
| 082 | |a 546 | ||
| 082 | |b R691 | ||
| 100 | |a Rodgers, Glen E. | ||
| 245 | 0 | |a Introduction to coordination, solid state, and descriptive inorganic chemistry | |
| 245 | 0 | |c Glen E Rodgers | |
| 260 | |a New York | ||
| 260 | |b McGraw-Hill | ||
| 260 | |c 1994 | ||
| 520 | |a This book is an introduction to coordination, solid state, and descriptive inorganic chemistry. It is designed primarily for a sophomore inorganic chemistry audience, but could also be used as a supplementary text for some general chemistry courses. Coordination, solid state, and descriptive inorganic chemistry are each given their own self-standing sections, so that the reader can begin in any one of them without becoming frustrated at references to previously learned material. These self-standing chapters also allow you the flexibility to present material in the order you choose. | ||
| 526 | |a Hóa học đại cương 1,Hóa học đại cương 2 | ||
| 526 | |b TN101,TN102 | ||
| 650 | |a Chemistry, inorganic,Coordination compounds,Solid state chemistry | ||
| 904 | |i Minh, 990722 | ||
| 980 | |a Trung tâm Học liệu Trường Đại học Cần Thơ | ||